000 00659nam a2200289Ia 4500
005 20260324143759.0
008 008 260324s9999 xx 000 0 eng d
020 _a9780203188002
037 _aEBOOK
040 _aCRL
040 _beng
040 _cCRL
041 _2eng
041 _aeng
084 _qCRL
100 _aJohn Tulloch
_91216896
245 0 _aTelevision Drama
245 0 _bAgency, Audience and Myth
260 _bTaylor and Francis
260 _c1990
365 _a
365 _b165
856 _uhttp://www.taylorfrancis.com/books/9780203188002
942 _cEBOOK
999 _c1822705
_d1822705